| 000 | 01551cam a2200229 4500 | ||
|---|---|---|---|
| 001 | 7810 | ||
| 005 | 20181127184426.0 | ||
| 010 | _a 2006020068 | ||
| 020 | _a0816038678 (alk. paper) | ||
| 020 | _a9780816038671 (alk. paper) | ||
| 082 | 0 | 0 |
_a973.6 _222 |
| 100 | 1 | _aSelcer, Richard F. | |
| 245 | 1 | 0 |
_aCivil War America, 1850 to 1875 / _cRichard F. Selcer ; Richard Balkin, general editor. |
| 260 |
_aNew York : _bFacts On File, _cc2006. |
||
| 300 |
_axix, 540 p. : _bill., maps ; _c29 cm. |
||
| 440 | 0 | _aAlmanacs of American life | |
| 440 | 0 | _aFacts on File library of American history | |
| 504 | _aIncludes bibliographical references (p. 481-498) and index. | ||
| 505 | 0 | _aClimate, natural history, and historical geography -- Disasters, natural and human-made -- Native American life -- Chronology, 1850-1875 -- The economy -- Transportation -- Population -- Religion -- Government and politics -- The Civil War -- States and territories -- Major cities -- Representative Americans -- Education -- Arts, letters, music, and theater -- Architecture and design -- Science and technology -- Medicine and psychiatry -- Popular culture -- Crime, vice, and violence -- Selected documents. | |
| 520 | _a"Covers American history during the Civil War and Reconstruction. Numerous statistical tables, charts, maps, photographs, and illustrations reveal the diverse aspects of everyday life in Civil War America - from record-keeping and the gathering of statistics to the overhaul of the nation's financial structure." | ||
| 650 | 0 | _aAlmanacs, American. | |
| 999 |
_c6706 _d6706 |
||